| LEADER | 00417cam a2200145 7i4500 | ||
|---|---|---|---|
| 001 | 0000026429 | ||
| 005 | 20110603090000.0 | ||
| 020 | 0 | 0 | |a 9784888953351 |
| 090 | 0 | 0 | |a T 382.7 |b CUS (JAPN) |
| 245 | 0 | 0 | |a Customs tariff schedules of Japan : |b 2011. |
| 260 | 0 | 0 | |a [S.l]: |b Japan Tariff Association, |c 2011. |
| 300 | # | # | |a [v.p]. |
| 650 | 0 | 0 | |a Tariff -- |z Japan |
| 651 | 0 | 0 | |a Japan |
| 999 | |a 0000028637 |b Book |c Tariffs |e Business Information Centre | ||


